01698nam a22002297a 4500952011900000999001700119008004100136020001800177050002600195100003000221245014600251250001700397260003200414300002600446504003200472505076400504519008601268650002701354700003901381700003601420942001201456 00102lcc4070a08b08d2019-06-25l6oHF5548.32 L3818 2014p08 004978r2018-05-02s2018-04-30t1w2014-06-02yLB c92959d92959140602s2013 mx ||||| |||| 00| 0 spa d a9786073222938 aHF5548.32bL3818 2014 aLaudon, Kenneth C.eautor13aE-commerce 2013b: negocios, tecnología, sociedadc / Kenneth C. Laudon, Carol Guercio Traver ; traductor Salvador Nuñez Ramos...[et al.] a9a edición aMéxicob: Pearsonc, 2014 axxxvii, 912 páginas aBibliografía (pp.815-829) aLa revolución acaba de empezar Modelos y conceptos de negocios del comercio electrónico Infraestructura del comercio electrónico: internet, la web y la plataforma móvil Creación de una presencia en el comercio electrónico: sitios web, sitios móviles y aplicaciones Sistemas de seguridad y de pagos en el comercio electrónico Conceptos de marketing en el comercio electrónico: marketing social, móvil y local Comunicaciones de marketing en el comercio electrónico Aspectos éticos, sociales y políticos en el comercio electrónico Ventas al menudeo y servicios en línea Contenido y medios en línea Redes sociales, subastas y portales Comercio electrónico B2B: administración de la cadena de suministro y comercio colaborativo  aEducación Mixta /bAdministración /cComercio Exterior (P21-1) /d(08 004978)10aCOMERCIO ELECTRÓNICO aI. Nuñez Ramos, Salvador, coaut. aII. Enriquez Brito, Javier, tr. cLB2lcc